A Tricky Countdown #9 - Statistics

General Stats
  • This quiz has been taken 19 times
  • The average score is 5 of 5
Answer Stats
# % Correct
50
100%
67
100%
84
100%
33
81%
16
75%
No matching quizzes found
Score Distribution
Percent of People with Each Score
Percentile by Number Answered
Your Score History
You have not taken this quiz